The journalism manifesto / (Record no. 16601)
[ view plain ]
| 000 -LEADER | |
|---|---|
| fixed length control field | 00933cam a22003015i 4500 |
| 001 - CONTROL NUMBER | |
| control field | 22025870 |
| 005 - DATE AND TIME OF LATEST TRANSACTION | |
| control field | 20241115095143.0 |
| 008 - FIXED-LENGTH DATA ELEMENTS--GENERAL INFORMATION | |
| fixed length control field | 210506s2021 mau 000 0 eng |
| 010 ## - LIBRARY OF CONGRESS CONTROL NUMBER | |
| LC control number | 2021938632 |
| 020 ## - INTERNATIONAL STANDARD BOOK NUMBER | |
| International Standard Book Number | 9781509542635 |
| 020 ## - INTERNATIONAL STANDARD BOOK NUMBER | |
| International Standard Book Number | 9781509542642 |
| 020 ## - INTERNATIONAL STANDARD BOOK NUMBER | |
| Canceled/invalid ISBN | 9781509542659 |
| 040 ## - CATALOGING SOURCE | |
| Original cataloging agency | DLC |
| Language of cataloging | eng |
| Description conventions | rda |
| Transcribing agency | DLC |
| 042 ## - AUTHENTICATION CODE | |
| Authentication code | pcc |
| 082 ## - DEWEY DECIMAL CLASSIFICATION NUMBER | |
| Classification number | DC 070.4 Z379 2022 |
| 100 1# - MAIN ENTRY--PERSONAL NAME | |
| Personal name | Zelizer, Barbie, |
| Relator term | author. |
| 9 (RLIN) | 44227 |
| 245 14 - TITLE STATEMENT | |
| Title | The journalism manifesto / |
| Statement of responsibility, etc. | Barbie Zelizer, Pablo J. Boczkowski, C.W. Anderson. |
| 260 ## - PUBLICATION, DISTRIBUTION, ETC. (IMPRINT) | |
| Place of publication, distribution, etc. | Cambridge : |
| Name of publisher, distributor, etc. | Polity Press ; |
| Date of publication, distribution, etc. | ©2022. |
| 263 ## - PROJECTED PUBLICATION DATE | |
| Projected publication date | 1111 |
| 300 ## - PHYSICAL DESCRIPTION | |
| Extent | ix, 122; |
| Dimensions | 19 cm. |
| 490 0# - SERIES STATEMENT | |
| Series statement | The manifesto series |
| 500 ## - GENERAL NOTE | |
| General note | Includes bibliography. |
| 650 ## - SUBJECT ADDED ENTRY--TOPICAL TERM | |
| Topical term or geographic name as entry element | Journalism. |
| 9 (RLIN) | 44228 |
| 700 1# - ADDED ENTRY--PERSONAL NAME | |
| Personal name | Anderson, C.W., |
| Relator term | author. |
| 9 (RLIN) | 44229 |
| 906 ## - LOCAL DATA ELEMENT F, LDF (RLIN) | |
| a | 0 |
| b | ibc |
| c | orignew |
| d | 2 |
| e | epcn |
| f | 20 |
| g | y-gencatlg |
| 942 ## - ADDED ENTRY ELEMENTS (KOHA) | |
| Source of classification or shelving scheme | Dewey Decimal Classification |
| Koha item type | Circulation |
| Withdrawn status | Lost status | Source of classification or shelving scheme | Damaged status | Not for loan | Collection code | Home library | Current library | Date acquired | Source of acquisition | Cost, normal purchase price | Total Checkouts | Full call number | Barcode | Date last seen | Price effective from | Koha item type |
|---|---|---|---|---|---|---|---|---|---|---|---|---|---|---|---|---|
| Dewey Decimal Classification | Circulation | UM Digos College - LIC | UM Digos College - LIC | 02/10/2022 | Purchased | 1166.00 | DC 070.4 Z379 2022 | 26346 | 05/15/2025 | 03/02/2022 | Circulation |
